| 000 | 00933nac a22003017a 4500 | ||
|---|---|---|---|
| 001 | BR0602346 | ||
| 003 | BR-BrBNA | ||
| 005 | 20240105123322.0 | ||
| 008 | 230509b bl.|||m| |||| 00| 0 por d | ||
| 040 |
_aBR-BrBNA _bpor _cBiblioteca Nacional de Agricultura |
||
| 072 | _aF01 | ||
| 090 | _a1060 BR0602346 | ||
| 100 | 1 | _aPassos, O.S. | |
| 100 | 1 | _aSoares Filho, W. dos S. | |
| 100 | 1 | _aPeixouto, L.S. | |
| 110 | 1 | _aEMBRAPA Mandioca e Fruticultura Tropical, Cruz das Almas, BA (Brasil) | |
| 245 | 1 | _aVariedades copa de citros para mesa | |
| 260 | 3 |
_aCruz das Almas, BA (Brasil): _c2005. |
|
| 300 | _a20 p. | ||
| 490 |
_aDocumentos - EMBRAPA Mandioca e Fruticultura Tropical (Brazil) _vno. 154 _xISSN 1516-5728 |
||
| 650 | _aLARANJA | ||
| 650 | _aFRUTA CÍTRICA | ||
| 650 | _aVARIEDADE | ||
| 650 | _aPRODUÇÃO VEGETAL | ||
| 650 | _aSUCO | ||
| 909 |
_a202312 _bLúcia Elande _c55 _dLúcia Elande |
||
| 942 |
_2AGRIS _n0 _cMS |
||
| 999 |
_c294932 _d294932 |
||